Palabra bajo protesta. Antología poética
Αποθηκεύτηκε σε:
| Κύριος συγγραφέας: | |
|---|---|
| Μορφή: | Βιβλίο |
| Γλώσσα: | Ισπανικά |
| Έκδοση: |
Zaragoza
Egido
1999
|
| Σειρά: | Larumbe, 12
|
| Θέματα: | |
| Ετικέτες: |
Προσθήκη ετικέτας
Δεν υπάρχουν, Καταχωρήστε ετικέτα πρώτοι!
|
MARC
| LEADER | 00000nam a2200000 a 4500 | ||
|---|---|---|---|
| 001 | UCL6709 | ||
| 003 | CL-VaPUC | ||
| 008 | 040416e19990000SP |||||||||||||||||spa|d | ||
| 020 | |a 8481270571 | ||
| 082 | 0 | 4 | |a 861 |b CAR |2 21 |
| 100 | 0 | |a Carrasquer Launed, Francisco |e author |9 484387 | |
| 245 | 1 | 0 | |a Palabra bajo protesta. Antología poética |
| 300 | |a 217 p | ||
| 942 | |c BK | ||
| 945 | |d 20040416 00:00:00 |a cmena | ||
| 260 | |a Zaragoza |b Egido |c 1999 | ||
| 650 | 0 | |a Poesías españolas |9 265100 | |
| 650 | 0 | |a Literatura española |9 306261 | |
| 651 | 0 | |a España |9 254926 | |
| 583 | |a last modification |c 20040416 00:00:00 |k Rodrigo Vera | ||
| 490 | 0 | |a Larumbe, 12 | |
| 999 | |c 308695 |d 308693 | ||
| 952 | |0 0 |1 0 |4 0 |6 861_000000000000000_CAR_1999 |7 0 |8 A |9 375382 |a BIBEDU |b BIBEDU |d 2019-11-21 |i 3911349 |o 861 CAR 1999 |p 3911349 |r 2019-11-21 |w 2019-11-21 |y BK |k LIT | ||